000 00353nam a2200145Ia 4500
008 191201s2009 xx 000 0 und d
082 _a510
_bLID
100 _aLipschutz, Seymour
245 0 _aDiscrete Mathematics
250 _aRep
260 _aNaba
_bTotal MC Grawhill pubg. co. Ltd
_c2009
300 _aMisc.
650 _aMCA
942 _2ddc
_cBK
_043
999 _c4117
_d4117